[Event "RUS-CHN Summit Men 4th"]
[Site "Nizhnij Novgorod"]
[Date "2007.08.28"]
[Round "8"]
[White "Ni, Hua"]
[Black "Jakovenko, Dmitrij"]
[Result "0-1"]
[WhiteElo "2681"]
[BlackElo "2735"]
[Annotator "Ftacnik,L"]
[PlyCount "82"]
[EventDate "2007.08.20"]
[EventType "schev"]
[EventRounds "10"]
[EventCountry "RUS"]
[SourceTitle "CBM 120"]
[Source "ChessBase"]
[SourceDate "2007.10.02"]
[SourceVersion "1"]
[SourceVersionDate "2007.10.02"]
[SourceQuality "1"]

1. e4 c5 2. Nf3 e6 3. d4 cxd4 4. Nxd4 Nc6 5. Nc3 Qc7 6. Be2 a6 7. O-O Nf6 8.
Kh1 Be7 9. f4 d6 10. Be3 O-O 11. Qe1 Nxd4 12. Bxd4 b5 13. a3 Bb7 14. Qg3 Rad8
15. Rae1 Rd7 16. Bd3 Re8 17. e5 dxe5 18. Bxe5 Qd8 19. Ne4 Nh5 20. Qe3 {[%mdl 4]
A novelty in a well known position, the queen is returning to the center and
controls the vital square c5.} Nf6 $2 (20... g6 21. Nc5 Bxc5 22. Qxc5 Nf6 23.
h3 Nd5 24. b3 $11) 21. Bxf6 (21. Nc5 Bxc5 22. Qxc5 Ng4 $11) 21... Bxf6 (21...
gxf6 22. f5 e5 23. Qh6 $14) 22. Nc5 $1 Bxg2+ $5 {Black has got into a serious
mess with his unfortunate reaction to the opponent's novelty. The combination
in the game just tries to minimize the damage.} (22... Rc7 23. Nxb7 Rxb7 24.
Bxh7+ $1 (24. Qe4 Rd7 25. Qxh7+ Kf8 26. f5 e5 27. Re3 $14) 24... Kf8 25. Be4
Rb6 26. c3 $16) 23. Kxg2 Bd4 24. Bxh7+ $1 Kh8 (24... Kxh7 25. Qd3+ g6 26. Nxd7
$16) 25. Qh3 Bxc5 26. Re5 {The second truly critical position in a dramatic
game. White did not have a simple task in looking for a way to enhance the
impact of his advantage.} (26. Bd3+ Kg8 27. Qh7+ Kf8 28. f5 Qg5+ 29. Kh1 Ke7
$14) (26. Re2 $5 $16) (26. Bg6+ Kg8 27. Qh7+ Kf8 28. Qh8+ Ke7 29. Qxg7 Rd2+ 30.
Kg3 Rf8 31. Bxf7 $140 $2 Rxf7 32. Qg5+ Kd7 33. Qxc5 Qg8+ 34. Kf3 Qg2+ 35. Ke3
e5 $19) (26. Bf5+ Kg8 27. Qh7+ Kf8 28. Qh8+ Ke7 29. Qxg7 Kd6 $15) 26... Bd4 $1
27. Re4 (27. Rh5 g6 28. Bxg6+ Kg8 29. Bh7+ (29. Bd3 f5 $14) 29... Kf8 30. c3
Bf6 $14) 27... Bf6 (27... Bxb2 28. f5 Qg5+ 29. Rg4 Qh6 30. Rh4 Qd2+ 31. Rf2
Qg5+ 32. Rg4 Qh6 $13) 28. Qh5 g6 $2 {In case the defender would not have a
better continuation his position would have been critical. Much more
challenging for the opponent was the variation with the centralization of
forces.} (28... Rd2+ 29. Kg3 Qd5 30. Qh3 (30. Qxf7 $2 Kxh7 31. Qxe8 Bh4+ $3 (
31... Qxe4 32. Qh5+ Kg8 33. Qe8+ $11) 32. Kxh4 (32. Kf3 Rxc2 33. Qxe6 Qd3+ 34.
Kg4 Rg2+ 35. Kxh4 Qxf1 36. Qf5+ Rg6 $19) 32... Rxh2+ 33. Kg3 Qd2 34. Re2 Qxe2
35. Qc6 Qxc2 36. Qxc2+ Rxc2 $17) 30... Qd6 $14) (28... Qc7 29. Bg6+ Kg8 30.
Qh7+ Kf8 31. Qh8+ Ke7 32. Rxe6+ Kxe6 33. Qxe8+ Re7 34. Bxf7+ Kd6 $14) 29. Bxg6+
Kg7 30. Qh7+ Kf8 31. Bh5 Rd2+ (31... Bxb2 32. f5 Rd2+ (32... exf5 33. Rxf5 Rd2+
34. Kh3 $18) 33. Kh1 Qf6 34. Bxf7 $1 Qxf7 35. Qh6+ $18) 32. Kh1 Bg7 33. Bxf7 $2
{White has got carried away with a prospect of a speedy decision in a very
well played game. With this move order he is in for a nasty surprize, the
other way round would be curtains for Jakovenko.} (33. f5 Qf6 (33... Qc7 34.
Bxf7 $1) (33... Qg5 34. Rg1 Qf6 35. Bxf7 $1 Qxf7 36. f6 Qxf6 37. Rf4 $18) 34.
Bxf7 $1 Qxf7 (34... Kxf7 35. fxe6+ Rxe6 36. Rxf6+ Rxf6 37. Qh5+ $18) 35. f6
Bxf6 36. Qh6+ Ke7 37. Qxd2 $18) 33... Kxf7 34. f5 Rxh2+ $1 35. Qxh2 (35. Kxh2
Rh8 36. fxe6+ Ke8 (36... Ke7 $2 37. Rf7+ Kd6 38. Rd7+ Qxd7 39. Qxh8 $1 $18 Qc7
40. Qh5) 37. Qxh8+ Bxh8 38. e7 Qd6+ 39. Kg2 Bf6 $19) 35... Rh8 36. fxe6+ Ke7 $1
{The final task for the king is to dance away from the trouble with the most
precise steps imaginable..} (36... Kg8 $2 37. Qxh8+ Kxh8 38. e7 Qe8 39. Rf5 $13
) (36... Ke8 $2 37. Qxh8+ Bxh8 38. e7 $18) 37. Rf7+ Ke8 38. Qxh8+ (38. Rxg7
Qd1+ 39. Rg1 Rxh2+ 40. Kxh2 Qxc2+ 41. Kg3 Qxe4 $19) 38... Bxh8 39. Kg2 (39.
Rf8+ Kxf8 40. e7+ Qxe7 41. Rxe7 Kxe7 42. b3 a5 $19) 39... Qd5 40. Rff4 Bxb2 41.
c4 bxc4 0-1

[Event "American Continental 3rd"]
[Site "Buenos Aires"]
[Date "2005.08.15"]
[Round "10"]
[White "Leitao, Rafael Duailibe"]
[Black "Sunye Neto, Jaime"]
[Result "1-0"]
[WhiteElo "2598"]
[BlackElo "2530"]
[Annotator "Ftacnik,L"]
[PlyCount "51"]
[EventDate "2005.08.06"]
[EventType "swiss"]
[EventRounds "11"]
[EventCountry "ARG"]
[SourceTitle "CBM 109"]
[Source "ChessBase"]
[SourceDate "2005.11.14"]
[SourceVersion "1"]
[SourceVersionDate "2005.11.14"]
[SourceQuality "1"]

1. e4 c5 2. Nf3 e6 3. d4 cxd4 4. Nxd4 Nc6 5. Nc3 Qc7 6. Be2 a6 7. O-O Nf6 8.
Kh1 d6 9. f4 Be7 10. Be3 O-O 11. Qe1 Bd7 12. Qg3 Rac8 13. Rad1 b5 14. e5 Ne8 {
As a sharp player Leitao is very dangerous in the attack, Sunye will have to
tread carefully.} (14... dxe5 15. fxe5 Nxe5 16. Bf4 Bd6 17. Nb3 Ne8 18. Ne4 f6
19. Nxd6 Nxd6 20. Bxe5 fxe5 21. Qd3 {1-0 Khachian,M (2477)-Busquets,L (2240)/
Los Angeles 2002/ (44)}) 15. Ne4 (15. a3 Kh8 16. Nxc6 Bxc6 17. Bd3 g6 18. Ne2
Ng7 19. Bd4 Kg8 20. Qh3 Rfd8 21. Ng1 Qb7 22. Nf3 dxe5 23. Bxe5 h5 24. Rde1 Nf5
{0-1 Jakobsen,O-Maedler,J/Helsinki 1961/ (38)}) 15... dxe5 (15... d5 16. Ng5
Nxd4 17. Bxd4 h6 18. Bd3 (18. Nh3 Qxc2 19. Bd3 Qc6 20. Nf2 f5 21. Qh3 Qb7 22.
Rc1 Nc7 23. g4 Ne8 24. Rg1 Rc4 {0-1 Zapata,A (2355)-Ivanov,I (2505)/Lucerne
1982/ (42)}) 18... g6 (18... hxg5 19. Qh3 g6 20. f5 $1 exf5 (20... g4 21. Qh6
gxf5 22. Rxf5 exf5 23. e6 $18) 21. e6 Bf6 22. exd7 Qxd7 23. Bxf5 gxf5 24. Bxf6
Nxf6 25. Rxf5 $18) 19. Nxe6 Bxe6 20. f5 Ng7 21. fxe6 Nxe6 22. Rxf7 Rxf7 23.
Qxg6+ Kf8 24. Qxh6+ Ke8 25. Qxe6 {1-0 Geller,E (2525)-Yap,A (2470)/Moscow 1986/
(29)}) 16. fxe5 f5 (16... Qxe5 $2 17. Nxc6 Qxg3 18. Nxe7+ Kh8 19. Nxg3 $18) (
16... Nxe5 17. Bf4 Qb7 (17... f6 18. Bg4 Qb6 19. Bxe5 fxe5 20. Rxf8+ Bxf8 21.
Qxe5 $16) 18. Bxe5 (18. Ng5 Ng6 19. Bf3 Qb6 $15) 18... Qxe4 19. Bf3 Qg6 20. Bb7
Qxg3 21. Bxg3 Rd8 22. Bxa6 Ra8 $11) (16... f6 17. Nxc6 Bxc6 18. Nd6) 17. Nd6 $1
{The knight jumps heroically into the center in order to force better endgame
for white.} (17. exf6 Nxf6 (17... Qxg3 $4 18. fxe7 $1 Rxf1+ 19. Rxf1 $18) 18.
Nxc6 Bxc6 $11) 17... Nxd6 (17... Nxe5 18. Nxe8 Rfxe8 19. Bf4 Bd6 (19... Bf6 20.
Bh5) 20. Nf3 Qxc2 21. Nxe5 $18) 18. exd6 Bxd6 (18... Qxd6 $2 19. Qxd6 Bxd6 20.
Nf3 $18) 19. Nxb5 Bxg3 (19... axb5 20. Qxd6 Qxd6 21. Rxd6 Nb8 22. c3 $16) 20.
Nxc7 Bxc7 (20... Rxc7 21. hxg3 Nb8 22. c4 $14) 21. Rxd7 Ne5 (21... Nb8 22. Re7
f4 23. Bd4 e5 24. Bc3 $14) 22. Re7 f4 $2 {[%mdl 64] Black was clearly
struggling to minimize the demage, but it seems logical that he had to
exchange the enemy intruder on e7.} (22... Rfe8 23. Rxe8+ Rxe8 24. b4 Ra8 25.
Rd1 Kf7 26. c4 $14) 23. Rxf4 $2 (23. Bd4 $1 Nc6 24. Rxg7+ Kh8 25. Rxc7+ Nxd4
26. Rxc8 Rxc8 27. Bd3 $16) 23... Bd6 $2 {The comedy of small errors has
finished with Sunye making the last omission, he might have caused his
opponent a headache with 23...Bb6!} (23... Bb6 $1 24. Rxf8+ Kxf8 25. Rxe6 Bxe3
26. Rxe5 Rxc2 27. Rf5+ Ke7 28. Bxa6 Rxb2 29. a4 g6 $11) 24. Rxf8+ Kxf8 25. Rxe6
Rxc2 26. Bd1 (26. Bd1 Rc6 27. Ba4 Rc4 28. Bb3 Re4 29. Bg1 Be7 30. Rxa6 $18) 1-0

[Event "YUG-chT"]
[Site "Tivat"]
[Date "1995.??.??"]
[Round "2"]
[White "Tseshkovsky, Vitaly"]
[Black "Abramovic, Bosko"]
[Result "0-1"]
[WhiteElo "2540"]
[BlackElo "2480"]
[Annotator "Gagarin,V"]
[PlyCount "84"]
[EventDate "1995.??.??"]
[EventType "team-swiss"]
[EventRounds "11"]
[EventCountry "YUG"]
[SourceTitle "CBM 048 Extra"]
[Source "ChessBase"]
[SourceDate "1995.11.01"]
[SourceVersion "1"]
[SourceVersionDate "1995.11.01"]
[SourceQuality "1"]

1. e4 c5 2. Nf3 e6 3. Nc3 a6 4. d4 cxd4 5. Nxd4 Nc6 6. Be2 Qc7 7. O-O Nf6 8.
Be3 Be7 9. f4 d6 10. Qe1 O-O 11. Qg3 Nxd4 12. Bxd4 b5 13. Bf3 $6 (13. a3) 13...
Bb7 14. e5 $146 (14. Rae1 Rad8 $1 15. Kh1 b4 16. e5 Ne8 17. Bxb7 dxe5 $1 18.
Bxe5 (18. Bxa6 $6 exd4 19. Ne2 Qxc2 $1 $17 {Heuer,W-Tal,M/Tallinn/1977/}) 18...
Qxb7 19. Ne2 $15) 14... dxe5 15. fxe5 Nd7 16. Bxb7 Qxb7 17. Rae1 Rac8 $15 18.
Ne4 $6 (18. Rf2 $15) 18... Rxc2 $17 19. Qd3 Rc4 20. b3 (20. Nf6+ gxf6 21. Qg3+
Kh8 22. exf6 Nxf6 23. Bxf6+ Bxf6 24. Rxf6 Rg8 $17) 20... Rcc8 21. Nf6+ Nxf6 (
21... Bxf6 22. exf6 g6 23. Qh3 Rc2 $17) 22. exf6 Bb4 $1 23. Re4 (23. fxg7 Rfd8
$17) (23. Rd1 Rfd8 24. Kh1 g6 $17) 23... Rfd8 24. Rh4 (24. Qf3 Rxd4 $1 25. Qg4
g6 26. Rxd4 Bc5 $17) 24... g6 25. Qh3 Rc2 26. Rxh7 Qxg2+ 27. Qxg2 Rxg2+ 28.
Kxg2 Kxh7 29. Rf4 Rd5 $5 (29... Rc8 $5 $17) 30. Rh4+ Rh5 31. Re4 Bd6 32. h3
Rg5+ 33. Kf2 Rf5+ 34. Ke3 e5 $19 35. Bc3 Rxf6 36. Bxe5 Bxe5 37. Rxe5 Re6 38.
Rxe6 fxe6 39. Kd4 Kg7 40. Ke5 Kf7 41. a4 bxa4 42. bxa4 a5 0-1

[Event "Esbjerg North Sea Cup-07"]
[Site "Esbjerg"]
[Date "1982.07.??"]
[Round "10"]
[White "Westerinen, Heikki MJ"]
[Black "Helmers, Knut Jaran"]
[Result "0-1"]
[WhiteElo "2440"]
[BlackElo "2430"]
[Annotator "Gagarin,V"]
[PlyCount "80"]
[EventDate "1982.07.??"]
[EventType "tourn"]
[EventRounds "11"]
[EventCountry "DEN"]
[EventCategory "8"]
[SourceTitle "MCL"]
[Source "ChessBase"]
[SourceDate "1999.07.01"]
[SourceVersion "1"]
[SourceVersionDate "1999.07.01"]
[SourceQuality "1"]

1. e4 c5 2. Nf3 d6 3. d4 cxd4 4. Nxd4 Nf6 5. Nc3 a6 6. Be3 Qc7 7. Be2 e6 8. a4
Nc6 9. O-O Be7 10. Kh1 O-O 11. f4 Re8 12. Qe1 (12. Qd2) (12. Bg1) (12. Bf3) (
12. Bd3) 12... Nxd4 13. Bxd4 e5 14. fxe5 dxe5 15. Qg3 Bd8 $1 16. Bg1 $6 (16.
Be3 Kh8 17. Bg5 (17. a5 Be6 18. Bd3 Be7 19. Na4 Nd7 20. Nb6 Nxb6 21. Bxb6 Qb8
22. Ra4 Rc8 $10 {Matanovic,A-Ermenkov,E/Albena/1975/1/2-1/2/22)/}) (17. Rf2 Be6
18. Raf1 Rc8 19. Bg5 Ng8 $1 20. Be3 Nf6 21. h3 Qa5 $1 22. Bd3 Bb6 $10 {
Sigurjonsson,G-Andersson,U/Sant Feliu/1974/1/2-1/2/46/}) 17... Be6 18. Rad1 $1
(18. Bxf6 $6 Bxf6 19. Bg4 Rad8 20. Rfd1 Qc4 21. Bxe6 fxe6 22. Rd3 $6 Qb4 23.
Rb1 Rd4 $1 $15 {Braga,F-Andersson,U/Sao Paulo/1979/0:1/47)/}) 18... Ng8 $1 (
18... Rc8 $2 19. Rxd8 $1 Qxd8 20. Qh4 Bc4 21. Rxf6 $1 Bxe2 22. Rh6 $1 f6 23.
Bxf6 $1 $18 {Lukin,A-Timoshchenko,G/URS/1979/1:0/28/}) (18... Be7 19. Bxf6 Bxf6
20. Bg4 Rad8 21. Bxe6 fxe6 $10 {Lukin}) 19. Be3 Nf6 20. Bg5 $10 {Tal,
M-Andersson,U /03)/Stockholm m/1/2-1/2/20/}) 16... Be6 17. Rad1 Rc8 18. Rd2 Kh8
19. Bf3 Qa5 $1 {/\ Bb6} 20. Rfd1 Bb6 21. Qe1 Bxg1 22. Qxg1 Qb4 $15 23. Rb1 Red8
(23... Qc5 $5 24. Qd1 b5 25. axb5 axb5 $15 {|^<<}) 24. Rxd8+ Rxd8 25. Qa7 h6
26. h3 Rc8 (26... Kh7 $5 $15 {/\ Rd2}) 27. Qe3 Nd7 (27... Qd4 $6 28. Qxd4 exd4
29. Ne2 Rxc2 30. Nxd4 Rc4 31. Nxe6 fxe6 32. e5 $10) 28. Qd3 Rc4 {/\ Nc5, /\ Rd4
} 29. Nd5 Qxa4 (29... Bxd5 30. Qxd5 {>< f7}) 30. b3 Qa2 31. Qxc4 Qxb1+ 32. Kh2
Qc1 (32... Nf6 33. Qc7 Bxd5 34. exd5 e4 $2 35. Bxe4 Nxe4 36. Qc8+ Kh7 37. Qf5+
Kg8 38. Qxe4 $16) 33. Qc7 Kh7 34. c4 (34. Qxb7 $6 Qxc2 (34... Bxd5 35. Qxd5
Qf4+ 36. Kh1 Nf6 37. Qxf7 Qc1+ 38. Kh2 $10) 35. Qxa6 (35. b4 Qc4 $17) 35...
Qxb3 $17) 34... Bxd5 35. exd5 (35. Qxd7 Qf4+ $17) 35... Qf4+ 36. Kh1 Nf6 37.
Qxb7 $4 (37. Qxf7 $1 e4 (37... Qc1+ 38. Kh2 e4 $2 39. Bxe4+ $16) 38. Be2 $8 (
38. Bg4 $4 Qf1+ 39. Kh2 Nxg4+ $19) 38... Qf2 (38... e3 $4 39. Bd3+ $18) 39. Bh5
$8 Qf1+ (39... Qg3 40. Bg4 Nxg4 41. Qf5+ $10) 40. Kh2 Qf4+ 41. Kg1 Nxh5 42.
Qxh5 $15) 37... e4 $19 38. Be2 Qf2 39. Bg4 (39. Qc8 Qxe2 40. Qf5+ Kh8 $19)
39... Nxg4 40. hxg4 e3 0-1

[Event "Recklinghausen"]
[Site "Recklinghausen"]
[Date "1998.08.01"]
[Round "8"]
[White "Georgiev, Kiril"]
[Black "Mainka, Romuald"]
[Result "1-0"]
[WhiteElo "2675"]
[BlackElo "2500"]
[Annotator "Georgiev,Ki/Kostakiev,D"]
[PlyCount "81"]
[EventDate "1998.07.25"]
[EventType "tourn"]
[EventRounds "9"]
[EventCountry "GER"]
[EventCategory "12"]
[SourceTitle "CBM 067"]
[Source "ChessBase"]
[SourceDate "1998.11.30"]
[SourceVersion "2"]
[SourceVersionDate "1998.11.01"]
[SourceQuality "1"]

1. e4 c5 2. Nf3 Nc6 3. d4 cxd4 4. Nxd4 Nf6 5. Nc3 d6 6. Be2 e6 7. Be3 Be7 8. f4
a6 9. O-O Bd7 10. a4 O-O 11. Kh1 Qc7 12. Nf3 (12. Nb3 {1-0 Pedersen,S-Coleman,
D/Politiken Cup, Copenhagen DEN 1998 (30)}) 12... Nb4 $5 $146 (12... Rfd8 13.
Bd3 (13. Qe1 {1-0 Hirt Markus-Buektas,B/It (open) Leukerbad (Switzerland) 1992
(37)}) 13... Be8 {0-1 Pastor Pons Carlos-Gomez Esteban,J/It Ermua (Spain) 1990
(72)}) 13. a5 Rac8 14. Bd3 Bc6 15. Qe1 e5 (15... Nxd3 $5 16. cxd3 Nd7 $11) 16.
Nh4 $1 {[/\Nf5;Xg7]} g6 17. fxe5 dxe5 18. Bh6 Nxd3 19. cxd3 Rfd8 20. Nf5 Nh5
21. Ne3 (21. Nxe7+ $142 Qxe7 $11) 21... Rxd3 22. Ned5 Bxd5 23. Nxd5 Qd6 24. Qe2
Rd4 (24... Rb3 $6 25. Qg4 (25. Rac1) 25... Rd8 26. Rad1) 25. Qf3 Nf4 (25... Qe6
$142 $15) 26. g3 Rd3 27. Ne3 $2 (27. Qg4 Ne6 $15) (27. Qf2 Rxd5 28. exd5 Qxd5+
29. Qf3 Qxf3+ 30. Rxf3 Ne6 31. Rd1 $14) 27... Qd4 28. Rae1 Bc5 29. Bxf4 exf4
30. Qxf4 f5 31. Nd5 Rf8 32. g4 (32. b4 Bxb4 33. Nxb4 Qxb4 34. exf5 Qxa5 35. f6
Qd5+ 36. Kg1 Rd2 37. Rf2 Rxf2 38. Qxf2 a5 39. Re7 b5 40. h4 a4 41. Qa7 Qd1+ 42.
Kg2 Qc2+ 43. Kh1 $11) 32... fxg4 33. Qxg4 Qe5 34. Rxf8+ Bxf8 35. Rf1 Rd2 36.
Rf4 g5 $6 $138 (36... Bd6 37. Qc8+ Kg7 38. Qd7+ Kh8 $11) 37. h4 h5 $2 (37...
Rxd5 38. Rf5 Rd1+ 39. Qxd1 Qxe4+ 40. Qf3 $18) (37... Rd1+ 38. Qxd1 (38. Kg2
Rxd5) 38... gxf4 39. Qg4+ Kf7 40. Qxf4+ Qxf4 41. Nxf4 Bb4 $11) 38. Qxh5 $18
Rd1+ 39. Kg2 Rd2+ 40. Kf1 Bg7 41. hxg5 1-0

[Event "Vienna op 13th"]
[Site "Vienna"]
[Date "1998.??.??"]
[Round "?"]
[White "Glek, Igor Vladimirovich"]
[Black "Ulybin, Mikhail"]
[Result "1-0"]
[WhiteElo "2565"]
[BlackElo "2575"]
[Annotator "Glek,I"]
[PlyCount "83"]
[EventDate "1998.10.25"]
[EventType "swiss"]
[EventRounds "9"]
[EventCountry "AUT"]
[SourceTitle "EXT 2000"]
[Source "ChessBase"]
[SourceDate "1999.11.16"]
[SourceVersion "1"]
[SourceVersionDate "1999.11.16"]
[SourceQuality "1"]

1. e4 c5 2. Nf3 d6 3. d4 cxd4 4. Nxd4 Nf6 5. Nc3 a6 6. Be2 e6 7. O-O Be7 8. f4
Qc7 9. a4 Nc6 10. Be3 O-O 11. Kh1 Re8 12. Bg1 Rb8 13. Bd3 $5 (13. Qd3 e5 $11)
13... Nb4 14. Qe1 Bd7 (14... e5 15. fxe5 dxe5 16. Nf5 Bxf5 17. Rxf5 $14) 15. a5
Rbc8 16. Qg3 Bc6 (16... Bf8 $5) 17. Qh3 Bf8 (17... d5 18. e5 Ne4 19. Be2 $14 (
19. f5 $5)) 18. Rf3 $1 Nxd3 19. cxd3 Bd7 20. g4 g6 (20... e5 21. Nf5 Bxf5 22.
gxf5 d5 23. exd5 exf4 (23... e4 24. dxe4 Nxe4 25. Bd4 Bc5 26. Bxc5 Qxc5 27.
Nxe4 Rxe4 28. Rg1 Re2 29. f6 g6 30. f5 Qf8 31. Qh4 Qd6 32. fxg6 fxg6 33. Qh6
Rc7 34. Rxg6+ hxg6 35. Qxg6+ Kf8 36. Qh6+ Kg8 37. f7+ Rxf7 38. Qxd6 Rxf3 39.
Kg1 Rf7 (39... Rxb2 40. Qg6+ Kf8 41. d6 $16) 40. b4 $16) 24. Bd4 Qd6 (24... Be7
25. Rg1 $40) 25. Rg1 Rcd8 (25... Nxd5 26. Bxg7 $1) 26. Qh4 Nxd5 27. Ne4 $1 $40)
21. f5 exf5 (21... Bg7 22. fxg6 fxg6 (22... hxg6 23. Raf1 Qd8 24. Qh4 e5 25. g5
Nh7 26. Rxf7 Nxg5 27. Rxg7+ Kxg7 28. Be3 Rf8 29. Rg1 Nf7 30. Qh5 Nh8 31. Qh6+
Kg8 32. Bg5 Qxa5 (32... Qe8 33. Nd5 $18) 33. Nd5 Qxd5 (33... exd4 34. Nf6+ $18)
34. exd5 exd4 35. Be7 Rf7 36. Bxd6 Bf5 (36... Re8 37. Bc5 Rh7 38. Qd2 $18) 37.
Be5 Rh7 38. Qf4 Bxd3 39. Bxd4 Re8 40. Rd1 Bc2 41. Rd2 Bf5 42. Kg1 Rhe7 43. d6
$18) 23. Raf1 Qd8 (23... Nxg4 24. Qxg4 e5 25. Qg5 exd4 26. Nd5 Qd8 27. Nf6+
Bxf6 28. Rxf6 Re6 29. Bxd4 Qe7 30. Qd5 $1 Rc7 31. Be3 Kg7 32. Bg5 $18)) 22.
Nxf5 $3 $40 gxf5 (22... Bxf5 23. gxf5 Bg7 24. Qh4 $1 (24. Raf1 $16) 24... Nd7
25. Nd5 Qd8 26. f6 Bf8 27. Rh3 h6 (27... h5 28. Bb6 Nxb6 29. Qxh5 $1 gxh5 30.
Rg1+ Bg7 31. Rxg7+ Kf8 32. Rhg3 Rc1+ 33. Kg2 Rc2+ 34. Kf3 Qxf6+ 35. Nxf6 Re6
36. Nh7+ Ke7 37. axb6 $18)) 23. gxf5 Bc6 (23... Re5 24. Bb6 Qc6 25. Rg1+ Kh8
26. Bd4 Qc7 27. Qh4 Qd8 28. Rfg3 h6 29. Be3 Kh7 30. Bxh6 $18) 24. Bb6 $1 $18
Qd7 25. Rg1+ Kh8 26. Qh4 Nxe4 (26... Ng8 27. Rxg8+ Kxg8 28. Rg3+ Bg7 29. Qf6
$18) (26... Be7 27. Bd4 Qd8 28. Qxh7+ $1 $18) 27. dxe4 f6 28. Bd4 Re5 29. Rfg3
Bg7 30. Bxe5 dxe5 31. Rxg7 Qxg7 32. Rxg7 Kxg7 33. Qg3+ Kf7 34. Qh3 Kg7 35. Qg3+
Kf7 36. Qd3 Rg8 37. h3 Rg5 38. Kh2 h5 39. Qc4+ Ke7 40. Qc5+ Kf7 41. Nd5 Bxd5
42. Qxd5+ 1-0

[Event "Bad Zwesten op 5th"]
[Site "Bad Zwesten"]
[Date "2001.01.04"]
[Round "5"]
[White "Glek, Igor Vladimirovich"]
[Black "Kalod, Radek"]
[Result "1-0"]
[WhiteElo "2551"]
[BlackElo "2490"]
[Annotator "Glek,I"]
[PlyCount "119"]
[EventDate "2001.01.02"]
[EventType "swiss"]
[EventRounds "7"]
[EventCountry "GER"]
[SourceTitle "CBM 080"]
[Source "ChessBase"]
[SourceDate "2001.01.25"]
[SourceVersion "1"]
[SourceVersionDate "2001.01.25"]
[SourceQuality "1"]

1. e4 c5 2. Nf3 d6 3. d4 cxd4 4. Nxd4 Nf6 5. Nc3 a6 6. a4 Nc6 7. Be2 e6 8. O-O
Be7 9. Be3 O-O 10. f4 Qc7 11. Kh1 Re8 12. Bg1 Bf8 (12... Rb8 13. Bd3 $5) 13.
Qd3 Bd7 14. Qg3 $146 (14. Rad1 {75/225}) 14... Rad8 {/\d5} (14... Rac8 $142) (
14... d5 $5) 15. a5 $1 Rb8 (15... Nxa5 16. e5 Nd5 17. Ne4 $1 (17. Nf5 Nxc3 18.
Nh6+ Kh8 19. Nxf7+ Kg8 20. Nh6+ Kh8 21. Qxc3 (21. Nf7+ $11) 21... Qxc3 22. bxc3
gxh6 23. Rxa5 $14) 17... dxe5 18. fxe5 Nc4 19. Bxc4 Qxc4 20. b3 Qc8 21. c4 Nb4
22. Nf6+ $16 (22. Be3 $16)) (15... Rc8 $142) 16. Nb3 Rbc8 17. Bb6 Qb8 18. Rad1
Kh8 19. Rd2 Nb4 20. e5 dxe5 (20... Nfd5 21. Nxd5 (21. Ne4 $5) 21... Nxd5 22.
Bd4) 21. fxe5 Rxc3 22. bxc3 Ne4 23. Qf4 Nxd2 24. Qxd2 Nd5 25. Rxf7 $16 Bc6 26.
Bd4 (26. Qg5 Nxc3 27. Bd3 Ne4 28. Qh5 Re7 29. Rf4 g6 30. Qg4 Nc3 31. Bc5 Re8
32. Bxg6 $18) 26... Ne7 27. Bd3 Ng8 28. Qg5 Nh6 29. Qh5 Re7 30. Rf2 Qe8 31.
Qxe8 Rxe8 32. h3 Kg8 33. Kh2 Be7 34. Bc5 $1 Bh4 35. g3 Bd8 36. Bd6 g6 37. c4
Nf7 38. h4 Ba4 39. Nc5 Bc6 40. Nb3 Ba4 41. Be4 $1 Bc6 42. Bxc6 bxc6 43. c5 $18
h5 44. Kg2 Kg7 45. Rf4 (45. Nd4) 45... g5 46. hxg5 Kg6 47. Rb4 Bxg5 48. Rb6 Rg8
49. Nd4 h4 50. Nxc6 Kf5 51. Rb8 Rg7 (51... Rxb8 52. Nxb8 Nxe5 53. c6 Nc4 54.
Bc5 Bd8 55. Nxa6) 52. Nd4+ Ke4 53. Nxe6 Rg6 54. Rb4+ Ke3 55. c6 Rxe6 56. c7 h3+
57. Kxh3 Kf3 58. c8=Q Rh6+ 59. Rh4 Bxh4 60. Qf5+ 1-0

[Event "Antwerp op"]
[Site "Antwerp"]
[Date "1993.??.??"]
[Round "5"]
[White "Glek, Igor Vladimirovich"]
[Black "Wojtkiewicz, Aleksander"]
[Result "1-0"]
[WhiteElo "2535"]
[BlackElo "2570"]
[Annotator "Glek,I"]
[PlyCount "93"]
[EventDate "1993.08.??"]
[EventType "swiss"]
[EventRounds "9"]
[EventCountry "BEL"]
[SourceTitle "CBM 037"]
[Source "ChessBase"]
[SourceDate "1993.12.01"]
[SourceVersion "1"]
[SourceVersionDate "1993.12.01"]
[SourceQuality "1"]

1. e4 c5 2. Nf3 d6 3. d4 cxd4 4. Nxd4 Nf6 5. Nc3 a6 6. a4 e6 7. Be2 Be7 8. O-O
O-O 9. Be3 Nc6 10. f4 Qc7 11. Qe1 e5 $5 12. Nb3 (12. Nxc6 bxc6 13. fxe5 (13.
Qg3 Kh8 14. Kh1 Be6 15. Rad1 Rab8 16. b3 Qa5 $10 {Sznapik,A-Wojtkiewicz,A/
Warszawa m/1991/}) 13... dxe5 14. Bc4 Ng4 15. Bd2 Be6 16. Bxe6 fxe6 17. h3
Rxf1+ 18. Qxf1 Rf8 19. Qe2 Qb6+ 20. Kh1 Nf6 21. Rb1 a5 22. Be1 Bb4 $10 {
Spasov,V-Ye Jangchuang/Biel izt/1993/}) 12... Nb4 13. Qd2 $1 $146 (13. Qf2 Nxc2
14. Bb6 Qb8 15. Rad1 Be6 16. fxe5 Nd7 17. Nd5 Bxd5 18. Rxd5 Nb4 19. Rdd1 Nxe5
20. Nd4 g6 21. Ba5 Nbc6 22. Bc3 $44 {Ehlvest,J-Kasparov,G/USSR-ch/1988/}) (13.
Rc1 Be6 14. Nd2 d5 $10 {Kuczynski,R-Adorjan,A/Polanica Zdroj/1991/}) 13... Be6
(13... Bd7 14. a5 $14) (13... b6 $5) 14. a5 $1 {/\ Ra4} d5 $5 15. Bb6 Qc6 16.
f5 $1 Bd7 (16... d4 17. fxe6 dxc3 18. exf7+ Kh8 (18... Rxf7 19. Qxc3 $16) 19.
Qxc3 $16) 17. exd5 Nbxd5 18. Bf3 e4 19. Nxd5 (19. Nxe4 $2 Nxb6 $1) 19... Qxd5
20. Qxd5 Nxd5 21. Bxe4 Nxb6 22. axb6 $16 Bb5 23. Rfd1 $6 (23. Rfe1 Bd8 24. Bxb7
Bxb6+ 25. Kh1 Ra7 26. Bd5 $16) (23. Rfc1 $5 Bg5 24. c4 $1 Bxc1 25. Rxc1 Bc6 26.
Bxc6 bxc6 27. Rd1 {/\ c5, Na5|^}) 23... Bd8 24. Bxb7 Bxb6+ 25. Kh1 Ra7 26. Bd5
Rc8 27. c4 $5 (27. c3 Rd7 28. Be4 $14) 27... Bxc4 28. Rdc1 Rac7 29. Rxc4 Rxc4
30. Bxc4 Rxc4 31. Rxa6 Bc5 $8 32. Rc6 Re4 33. Rc8+ (33. g3 $5 Bf8 34. Rc2 Re5
35. Rf2 $14) 33... Bf8 34. h3 f6 35. Nc5 Rc4 36. b4 Kf7 37. Rc7+ Kg8 38. g4 g6
$2 $138 (38... h5 $1 $10) 39. g5 $1 $18 fxg5 40. f6 Bxc5 41. bxc5 Rc1+ (41...
Rf4 42. Rc8+ Kf7 43. c6 Rxf6 44. c7 Rc6 45. Rh8 $18) 42. Kg2 Rc2+ 43. Kg3 h5
44. c6 Rc3+ 45. Kg2 Rc2+ 46. Kf1 Rc1+ 47. Ke2 1-0